| 000 | 01042nam a22003257a 4500 | ||
|---|---|---|---|
| 003 | CHAP | ||
| 005 | 20220329133157.0 | ||
| 008 | 971013s1981 r 10010 d | ||
| 010 | _a3027 | ||
| 011 | _a3999 | ||
| 035 | _a3200 | ||
| 040 | _cCHAP | ||
| 082 |
_a631.7 _bC86 1981 |
||
| 111 | 0 | 0 |
_aCurso de Riego Superficial ( _n6 _d: 1981 _c: Gómez Palacio, Dgo.) _930625 |
| 245 | _aMemoria | ||
| 260 |
_aGómez Palacio, Dgo. : _bEl Centro, _c1981 |
||
| 300 | _a164 p | ||
| 500 | _aD48-84 | ||
| 590 |
_aBATCH-UPD _b10 _c20130110 _lUCH01 _h0055 |
||
| 590 |
_aBATCH-UPD _b10 _c20130110 _lUCH01 _h1107 |
||
| 590 |
_aBATCH-UPD _b10 _c20130409 _lUCH01 _h2043 |
||
| 590 |
_aBATCH-UPD _b10 _c20130410 _lUCH01 _h0658 |
||
| 590 |
_aBATCH-UPD _b10 _c20130914 _lUCH01 _h0910 |
||
| 590 |
_aCONVERSION _b10 _c20130109 _lUCH01 _h1303 |
||
| 650 | 1 | 4 |
_aIrrigación. _960366 |
| 710 | 0 |
_aCentro Nacional de Métodos Avanzados de Riego. México. _921245 |
|
| 901 | _aBK | ||
| 942 | _cLIBRO | ||
| 949 |
_a631.7 C86 1981 _bBC _cLIBRO _d33724000165395 _eLIBRO _h81019 _i3200 _mD _si |
||
| 999 |
_c3027 _d3027 |
||